Death Note: Who Killed Who? - Statistics

General Stats
  • This quiz has been taken 907 times
  • The average score is 11 of 14
Answer Stats
Character Killer % Correct
Raye Penber Light Yagami
95%
Naomi Misora Light Yagami
95%
Rem Herself
92%
L Rem
89%
Mello Kiyomi Takada
82%
Kyomi Takada Light Yagami
82%
Watari Rem
82%
Light Yagami Ryuk
82%
Kyosuke Higuchi Light Yagami
81%
Misa Amane (Anime Only) Herself
75%
Gelus Himself
70%
Soichiro Yagami Mafia
65%
Hirokazu Ukita Misa Amane
65%
Teru Mikami Himself
59%
No matching quizzes found
Score Distribution
Percent of People with Each Score
Percentile by Number Answered
Your Score History
You have not taken this quiz